We're building something special (Record no. 121242)
[ view plain ]
| 000 -LEADER | |
|---|---|
| fixed length control field | 01182nas a22002657a 4500 |
| 001 - CONTROL NUMBER | |
| control field | K1212 |
| 007 - PHYSICAL DESCRIPTION FIXED FIELD--GENERAL INFORMATION | |
| fixed length control field | ta |
| 008 - FIXED-LENGTH DATA ELEMENTS--GENERAL INFORMATION | |
| fixed length control field | 200326b2020 ||||| |||| 00| 0 eng d |
| 041 ## - LANGUAGE CODE | |
| Language code of text/sound track or separate title | eng |
| 100 ## - MAIN ENTRY--PERSONAL NAME | |
| Personal author | Clancy, Vincent |
| 245 ## - TITLE STATEMENT | |
| Title | We're building something special |
| 260 ## - PUBLICATION INFORMATION | |
| Date | 2020 |
| 490 ## - SERIES TITLE | |
| Series statement | RICS Modus |
| Volume | February 2020, 10-16(7) |
| 520 ## - ABSTRACT | |
| Abstract | Urbanisation, digitisation and climate change are changing how and where people live, work and travel. This is redefining the role of the surveyor and the limits of the profession. Three industry leaders look at there they think this is going to go. Laura Potter of Workplace for the Future and Arcadis, looks at the effects of data and technology, Caroline Williams of Open Programmes at Said Business School looks at what talent and skills will be needed and Jason McLannan creator of the Living Building Challenge looks at how we value sustainability. |
| 650 ## - KEYWORDS | |
| Keywords | CITIES |
| 650 ## - KEYWORDS | |
| Keywords | SUSTAINABILITY |
| 650 ## - KEYWORDS | |
| Keywords | DATA |
| 650 ## - KEYWORDS | |
| Keywords | PROPTECH |
| 650 ## - KEYWORDS | |
| Keywords | CLIMATE CHANGE |
| 651 ## - SUBJECT ADDED ENTRY--GEOGRAPHIC NAME | |
| Geographic name | United Kingdom |
| 690 ## - LOCAL SUBJECT ADDED ENTRY--TOPICAL TERM (OCLC, RLIN) | |
| 9 (RLIN) | 6238 |
| Topical term or geographic name as entry element | Environment |
| 700 ## - ADDED PERSONAL NAME | |
| Added personal author | Potter, Laura |
| 700 ## - ADDED PERSONAL NAME | |
| Added personal author | Williams, Caroline |
| 700 ## - ADDED PERSONAL NAME | |
| Added personal author | McLennan, Jason |
| Withdrawn status | Lost status | Damaged status | Koha normalized classification for sorting | Not for loan | Home library | Current library | Shelving location | Date acquired | Total Checkouts | Full call number | Date last seen | Price effective from | Koha item type |
|---|---|---|---|---|---|---|---|---|---|---|---|---|---|
| ONLINE | Virtual | Virtual | Online | 26/03/2020 | ONLINE | 26/03/2020 | 26/03/2020 | Journal article |